00470 2200193 4500245004500000020001800045250001100063100001900074700001100093700001600104650001700120005001900137260004100156041001400197084001300211300003200224336000900256338001100265 aWolf's Rain Vol. 1cYagami, HirokihText a979-20-8336-7 aCet. 1 aYagami, Hiroki aFaisal aAri Nirwana aKomik Jepang a20230131105032 aJakartabElex Media Komputindoc2006 aIndonesia a741.5592 a... jil. :bilus. ;c17 cm. atext avolume